1690 1684 1085 1328 1770 1344 1775 1787 1877 1039 1713 1991 1642 1230 1210 1945 1145 1731 1664 1163 1771 1259 1715 1341 1378 1160 1918 1060 1171 1969 1978 1281 1540 1354 1071 1638 1025 1387 1943 1331 1109 1412 1643 1587 1764 1195 1467 1865 1489 1211 1736 1402 1747 1501 1518 1010 1324 1655 1896 1783 1796 1400 1455 1270 1483 1505 1332 1980 1697 1768 1313 1842 1201 1605 1738 1756 1366 1797 1421 1765 1550 1122 1176 1960 1582 1087 1506 1532 1426 1803 1525 1697 1714 1712 1560 1038 1747 1991 1261 BCNSPRNW ULIB Ver.6.0+V

เปลี่ยนเป็นภาษาไทย

Change to English
 แสดงรายละเอียดบรรณานุกรม
  กลับหน้าหลัก

Brief Record : Get Marc (ISO 2709) : E-mail record : QR code < ปิดหน้าต่าง
LEADER : 00000nam 2200000uu 4500
001    13399123079
003     ULIB
008    140114s2551||||th 000 0 tha d
060  4 ^aWY18.2 ส845อ
100    ^aสุรีย์ ธรรมิกบวร.
245    ^aวิชาการพยาบาลมารดา ทารก/สุรีย์ ธรรมิกบวร และคนอื่นๆ.
246    ^aเอกสารประกอบการทบทวนความรู้ วิชาการพยาบาลมารดา ทารก
250    ^aฉบับถ่ายสำเนา
260    ^aเครือข่ายวิทยาลัยสังกัด สบช. ภาคตะวันออกเฉียงเหนือ^c2551
300    ^a133 หน้า.^bฉบับถ่ายสำเนา
650  7 ^aการพยาบาลมาดา
650  7 ^aการพยาบาลทารก
945    ^p0^l0^i034295
945    ^p0^l0^i034296
945    ^p0^l0^i034297
945    ^p0^l0^i034298
945    ^p0^l0^i034299
945    ^p0^l0^i034300
945    ^p0^l0^i034301
945    ^p0^l0^i034302
999    ^aเกษร โพธิ์สุวรรณ
รายการนี้ยังไม่มีแท็ก
คุณยังไม่ได้ล็อกอิน คุณสามารถมีกิจกรรมร่วมกับเว็บไซต์ได้ แต่ต้องล็อกอินก่อน ::
  ล็อกอิน

รายการสื่อสารสนเทศ

ลำดับที่ ประเภท เลขเรียก/บาร์โค้ด สถานที่ สถานะ
1. Book การพยาบาล
หนังสือสำรอง
สถานะ=หนังสือสำรอง
WY18.2 ส845อ ฉ.1 
  Barcode: 034295
ห้องสมุดวิทยาเขตสวรรค์ประชารักษ์
►หนังสือทั่วไป
บนชั้น
Note:ฉบับถ่ายสำเนา
2. Book การพยาบาล
Book การพยาบาล
WY18.2 ส845อ ฉ.2 
  Barcode: 034296
ห้องสมุดวิทยาเขตสวรรค์ประชารักษ์
►หนังสือทั่วไป
บนชั้น
Note:ฉบับถ่ายสำเนา
3. Book การพยาบาล
Book การพยาบาล
WY18.2 ส845อ ฉ.3 
  Barcode: 034297
ห้องสมุดวิทยาเขตสวรรค์ประชารักษ์
►หนังสือทั่วไป
บนชั้น
Note:ฉบับถ่ายสำเนา
4. Book การพยาบาล
Book การพยาบาล
WY18.2 ส845อ ฉ.4 
  Barcode: 034298
ห้องสมุดวิทยาเขตสวรรค์ประชารักษ์
►หนังสือทั่วไป
บนชั้น
Note:ฉบับถ่ายสำเนา
5. Book การพยาบาล
Book การพยาบาล
WY18.2 ส845อ ฉ.5 
  Barcode: 034299
ห้องสมุดวิทยาเขตสวรรค์ประชารักษ์
►หนังสือทั่วไป
บนชั้น
Note:ฉบับถ่ายสำเนา
6. Book การพยาบาล
Book การพยาบาล
WY18.2 ส845อ ฉ.6 
  Barcode: 034300
ห้องสมุดวิทยาเขตสวรรค์ประชารักษ์
►หนังสือทั่วไป
บนชั้น
Note:ฉบับถ่ายสำเนา
7. Book การพยาบาล
Book การพยาบาล
WY18.2 ส845อ ฉ.7 
  Barcode: 034301
ห้องสมุดวิทยาเขตสวรรค์ประชารักษ์
►หนังสือทั่วไป
บนชั้น
Note:ฉบับถ่ายสำเนา
8. Book การพยาบาล
Book การพยาบาล
WY18.2 ส845อ ฉ.8 
  Barcode: 034302
ห้องสมุดวิทยาเขตสวรรค์ประชารักษ์
►หนังสือทั่วไป
บนชั้น
Note:ฉบับถ่ายสำเนา

รายการใกล้เคียง
    ผู้แต่ง [สุรีย์ ธรรมิกบวร.]

    หัวเรื่อง [การพยาบาลทารก]

BibComment


ยังไม่เคยถูกคอมเมนท์

คอมเมนท์ทรัพยากรรายการนี้
  คอมเมนท์: วิชาการพยาบาลมาร..


 Copyright 2026. Bcnsprnw @Library